| 000 | 00752cab a2200265 4500 | ||
|---|---|---|---|
| 001 | WB3208-16 | ||
| 008 | 090401t1996 xxu||||| |||| 00| 0 eng d | ||
| 035 | _a(Sirsi) u34411 | ||
| 041 | _aeng | ||
| 245 | _aPylons affect house prices | ||
| 260 | _c1996 | ||
| 350 | _a0 | ||
| 490 |
_aSunday Times _v18 February 1996, 15(1) |
||
| 520 | _aOwners of properties near pylons are finding their homes devalued or unsaleable due to fears that EMFs from the power lines can cause cancer. | ||
| 650 | _aBLIGHT | ||
| 650 | _aCANCER | ||
| 650 | _aELECTROMAGNETIC FIELDS | ||
| 650 | _aHEALTH HAZARDS | ||
| 650 | _aOVERHEAD POWER LINES | ||
| 650 | _aPROPERTY VALUES | ||
| 650 | _aPYLONS | ||
| 690 | _aHOUSING | ||
| 942 | _n0 | ||
| 948 | _c04/03/1997 | ||
| 999 |
_c22796 _d22796 |
||